[Event "IRT. X OPEN FERIA DE CALI Grup"]
[Site "Cali (Col) Unidad Panamericana"]
[Date "2008.12.29"]
[Round "8"]
[Board "1"]
[White "Polo, Victor Ramon"]
[Black "Valle, Efrain"]
[Result "0-1"]
[WhiteElo "2216"]
[BlackElo "2173"]
[PlyCount "66"]
[EventDate "2008.12.26"]
[EventRounds "9"]
[EventCountry "COL"]

1.e4 Nc6 2.Nf3 e5 3.Bc4 Nf6 4.d3 Be7 5.O-O O-O 6.Re1 d6 7.a4 Bg4 8.h3 Be6 9.Nc3
Bxc4 10.dxc4 a5 11.Bg5 Nd7 12.Bxe7 Nxe7 13.Nd5 Nc5 14.c3 c6 15.Nxe7+ Qxe7 16.b4
Ne6 17.Re3 Nf4 18.Qf1 f5 19.c5 fxe4 20.cxd6 Qxd6 21.Qc4+ Qd5 22.Qxe4 Nxh3+
23.Kf1 Nf4 24.Qxe5 Qxe5 25.Rxe5 Nd5 26.b5 Rf4 27.bxc6 bxc6 28.Nd4 Nxc3 29.Nxc6
Ra6 30.Ne7+ Kf7 31.Nd5 Rh4 32.Kg1 Nxd5 33.Rxd5 Rah6

[Event "IRT. X OPEN FERIA DE CALI Grup"]
[Site "Cali (Col) Unidad Panamericana"]
[Date "2008.12.29"]
[Round "8"]
[Board "1"]
[White "Gonzalez, Juan Manuel"]
[Black "Remicio Duque, John H"]
[Result "0-1"]
[WhiteElo "2111"]
[BlackElo "2216"]
[PlyCount "62"]
[EventDate "2008.12.26"]
[EventRounds "9"]
[EventCountry "COL"]

1.d4 d5 2.Nf3 Nf6 3.c3 c5 4.Bf4 Nc6 5.e3 Bf5 6.Nbd2 e6 7.Be2 Bd6 8.Bg3 cxd4
9.exd4 O-O 10.O-O Bxg3 11.hxg3 Qb6 12.Qb3 Qc7 13.Rfe1 Na5 14.Qa3 a6 15.Ne5 b5
16.b4 Nc4 17.Ndxc4 bxc4 18.Qa5 Qxa5 19.bxa5 Rfb8 20.g4 Bg6 21.g5 Ne8 22.Nxg6
hxg6 23.Reb1 Nd6 24.Kf1 Ne4 25.Rc1 Rb2 26.Ke1 Nxg5 27.f3 Rab8 28.Kf2 Rd2 29.Rab1
Rxb1 30.Rxb1 Rxa2 31.Rb8+ Kh7

[Event "IRT. X OPEN FERIA DE CALI Grup"]
[Site "Cali (Col) Unidad Panamericana"]
[Date "2008.12.29"]
[Round "8"]
[Board "1"]
[White "Saavedra, Victor"]
[Black "Rios, Cristhian Camilo"]
[Result "1/2-1/2"]
[WhiteElo "2212"]
[BlackElo "2172"]
[PlyCount "82"]
[EventDate "2008.12.26"]
[EventRounds "9"]
[EventCountry "COL"]

1.d4 Nf6 2.c4 g6 3.Nc3 Bg7 4.e4 d6 5.Bd3 O-O 6.Nge2 e5 7.d5 Na6 8.O-O Nc5 9.Bc2
a5 10.Rb1 Nh5 11.Be3 b6 12.a3 Na6 13.b4 axb4 14.axb4 f5 15.exf5 gxf5 16.Ng3 Nxg3
17.fxg3 Qe8 18.Nb5 Bd7 19.Qd2 Qh5 20.Bd1 Qg6 21.Be2 Rae8 22.Bd3 Qg4 23.Kh1 h5
24.Be2 Qg6 25.Qd1 h4 26.gxh4 f4 27.Bd2 c5 28.Bh5 Qh7 29.Bxe8 Bxe8 30.Nxd6 Bh5
31.Qa4 Nxb4 32.Bxb4 cxb4 33.Qd7 f3 34.Qe6+ Kh8 35.gxf3 Bxf3+ 36.Rxf3 Qxb1+
37.Kg2 Qc2+ 38.Kg3 Rxf3+ 39.Kxf3 Qd1+ 40.Kg3 Qg1+ 41.Kh3 Qe3+

[Event "IRT. X OPEN FERIA DE CALI Grup"]
[Site "Cali (Col) Unidad Panamericana"]
[Date "2008.12.29"]
[Round "8"]
[Board "1"]
[White "Mateus, Alejandro"]
[Black "Torres, Juan Camilo"]
[Result "1-0"]
[WhiteElo "2192"]
[BlackElo "2103"]
[PlyCount "81"]
[EventDate "2008.12.26"]
[EventRounds "9"]
[EventCountry "COL"]

1.e4 c5 2.Nf3 e6 3.d4 cxd4 4.Nxd4 a6 5.Bd3 Nf6 6.O-O Qc7 7.Kh1 d5 8.exd5 Nxd5
9.f4 Bc5 10.Nf3 Ne3 11.Bxe3 Bxe3 12.f5 exf5 13.Qe1 f4 14.Qh4 h6 15.Nc3 Be6
16.Ne4 Nc6 17.Rfd1 Qe7 18.Qe1 O-O 19.a3 Bf5 20.Nc3 Bxd3 21.Rxd3 Qc5 22.Rad1 Rad8
23.b4 Qc4 24.Nd5 Qxc2 25.Qh4 Qf2 26.Qh5 Kh8 27.h3 Rd6 28.Nh2 f5 29.Nf3 Qe2
30.Nc3 Qxd3 31.Rxd3 Rxd3 32.Ne2 Rxa3 33.Nh4 Ne7 34.Qf3 Rd8 35.Nxf4 Bc1 36.Nfg6+
Kh7 37.Qh5 Ra1 38.Kh2 Nxg6 39.Qxg6+ Kh8 40.Nxf5 Bg5 41.Qxg7#

[Event "IRT. X OPEN FERIA DE CALI Grup"]
[Site "Cali (Col) Unidad Panamericana"]
[Date "2008.12.29"]
[Round "8"]
[Board "1"]
[White "Herrera, Juan Sebastian"]
[Black "Prieto, Ernesto"]
[Result "1-0"]
[WhiteElo "2109"]
[BlackElo "2181"]
[PlyCount "107"]
[EventDate "2008.12.26"]
[EventRounds "9"]
[EventCountry "COL"]

1.e4 e5 2.d4 exd4 3.c3 d3 4.Bxd3 d6 5.Nf3 Nf6 6.O-O Be7 7.b3 Nc6 8.h3 O-O 9.Bb2
Re8 10.c4 Nd7 11.Nc3 Bf6 12.Qe2 Nc5 13.Bc2 Bf5 14.Rfe1 Bxc3 15.Bxc3 Bxe4 16.b4
Bxc2 17.Qxc2 Ne6 18.Qf5 Ne7 19.Qg4 f5 20.Qh5 Qd7 21.Re3 Nf4 22.Qg5 Neg6 23.Rae1
Qf7 24.Nd4 Rxe3 25.Rxe3 Rf8 26.Kh2 h6 27.Qg3 Nh5 28.Qf3 Ne5 29.Qxb7 f4 30.Re4 f3
31.Qd5 fxg2 32.Qxf7+ Rxf7 33.Kxg2 Nf6 34.Rf4 Ng6 35.Rxf6 Rxf6 36.Nc6 Rf4 37.Bd4
Nh4+ 38.Kf1 Nf5 39.Bxa7 Rxc4 40.b5 Ra4 41.Bb8 Rxa2 42.Bxc7 Rb2 43.b6 d5 44.Na5
Nd6 45.Bxd6 Rxb6 46.Be5 g5 47.Ke2 Kf7 48.Bd4 Rb1 49.Kf3 Ke6 50.Nc6 Rh1 51.Kg2
Rc1 52.Ne5 Kf5 53.Nf7 h5 54.Nxg5

[Event "IRT. X OPEN FERIA DE CALI Grup"]
[Site "Cali (Col) Unidad Panamericana"]
[Date "2008.12.29"]
[Round "8"]
[Board "1"]
[White "Plazas, Alfonso"]
[Black "Sanchez, Victor Hugo"]
[Result "0-1"]
[WhiteElo "2025"]
[BlackElo "2170"]
[PlyCount "84"]
[EventDate "2008.12.26"]
[EventRounds "9"]
[EventCountry "COL"]

1.c4 Nf6 2.Nc3 g6 3.e4 d6 4.d3 Bg7 5.h3 O-O 6.Be3 c6 7.Nf3 e5 8.Qd2 d5 9.Bh6
dxe4 10.Bxg7 Kxg7 11.dxe4 Qxd2+ 12.Nxd2 c5 13.Nf3 Nc6 14.O-O-O Be6 15.Ng5 Nd4
16.Bd3 Rad8 17.Rhf1 h6 18.Nxe6+ fxe6 19.f4 exf4 20.Rxf4 Nh5 21.Rxf8 Rxf8 22.Ne2
Rf2 23.Nxd4 cxd4 24.Rd2 Nf4 25.Kc2 Rxd2+ 26.Kxd2 Kf6 27.Bf1 Ke5 28.b4 b6 29.a4
g5 30.g3 Nh5 31.c5 bxc5 32.bxc5 Nxg3 33.Bg2 Nh5 34.c6 Kd6 35.e5+ Kc7 36.Kc2 Nf4
37.Be4 h5 38.Bf3 Ng6 39.Bxh5 Nxe5 40.Be8 Nxc6 41.Kd3 Kd6 42.Bxc6 Kxc6

[Event "IRT. X OPEN FERIA DE CALI Grup"]
[Site "Cali (Col) Unidad Panamericana"]
[Date "2008.12.30"]
[Round "9"]
[Board "1"]
[White "Castro, Oscar H"]
[Black "Pazos Gambarrotti, Plinio"]
[Result "1-0"]
[WhiteElo "2395"]
[BlackElo "2327"]
[PlyCount "84"]
[EventDate "2008.12.26"]
[EventRounds "9"]
[EventCountry "COL"]

1.c4 e6 2.d4 d5 3.Nc3 Nf6 4.Bg5 Nbd7 5.cxd5 exd5 6.e3 Be7 7.Bd3 O-O 8.Nf3 c6
9.Qc2 Re8 10.O-O-O Nf8 11.Kb1 g6 12.h3 Ne6 13.Bh6 c5 14.dxc5 Nxc5 15.g4 a6
16.Nd4 Be6 17.f4 Nxd3 18.Qxd3 Qd6 19.Nxe6 Qxe6 20.f5 Qb6 21.g5 Nh5 22.Nxd5 Qa5
23.e4 Bd6 24.fxg6 hxg6 25.Rdf1 Rad8 26.Qb3 Qb5 27.Qf3 Rd7 28.a4 Qc5 29.Rc1 Qd4
30.Rhd1 Qe5 31.h4 Rdd8 32.Nf6+ Nxf6 33.gxf6 Bc5 34.Bf4 Rxd1 35.Bxe5 Rxc1+
36.Kxc1 Rxe5 37.Qg4 Bf8 38.Kd2 Re6 39.Qf3 Bd6 40.h5 Be5 41.hxg6 fxg6 42.Qb3 Kf7

[Event "IRT. X OPEN FERIA DE CALI Grup"]
[Site "Cali (Col) Unidad Panamericana"]
[Date "2008.12.30"]
[Round "9"]
[Board "1"]
[White "Valle, Efrain"]
[Black "Arenas, David"]
[Result "1-0"]
[WhiteElo "2173"]
[BlackElo "2323"]
[PlyCount "113"]
[EventDate "2008.12.26"]
[EventRounds "9"]
[EventCountry "COL"]

1.Nf3 Nf6 2.g3 g6 3.Bg2 Bg7 4.O-O O-O 5.c4 d6 6.Nc3 e5 7.d3 Nc6 8.Bg5 h6 9.Bd2
Be6 10.e4 Qd7 11.Nd5 Ne8 12.b4 Bh3 13.b5 Nd8 14.Rb1 Bxg2 15.Kxg2 Ne6 16.a4 f5
17.Nh4 Kh7 18.f4 c6 19.bxc6 bxc6 20.exf5 gxf5 21.Ne3 Nd4 22.Qh5 e4 23.dxe4 fxe4
24.Qg6+ Kh8 25.Qxe4 Rf7 26.Bc3 Qe6 27.Qxe6 Nxe6 28.Bxg7+ N8xg7 29.Rfd1 Rd8
30.Ng4 h5 31.Ne3 Nc5 32.a5 Kh7 33.Nc2 Re7 34.Re1 Rde8 35.Rxe7 Rxe7 36.Nd4 Rc7
37.Rb8 d5 38.cxd5 cxd5 39.f5 Nd7 40.Rd8 Rb7 41.Nhf3 Nf6 42.a6 Rb2+ 43.Kf1 Nge8
44.Ne6 Rb6 45.h3 Rxa6 46.g4 hxg4 47.hxg4 Nxg4 48.Neg5+ Kg7 49.Rxe8 Rf6 50.Nd4
Kh6 51.Ngf3 Kh5 52.Rg8 Ne3+ 53.Kf2 Nc4 54.Kg3 Kh6 55.Kf4 a5 56.Ne6 Kh7 57.Rd8

[Event "IRT. X OPEN FERIA DE CALI Grup"]
[Site "Cali (Col) Unidad Panamericana"]
[Date "2008.12.30"]
[Round "9"]
[Board "1"]
[White "Munoz, Jhon Edison"]
[Black "Mateus, Alejandro"]
[Result "1-0"]
[WhiteElo "2186"]
[BlackElo "2192"]
[PlyCount "79"]
[EventDate "2008.12.26"]
[EventRounds "9"]
[EventCountry "COL"]

1.d4 d5 2.Nf3 Nf6 3.c4 c6 4.e3 a6 5.Nc3 Bg4 6.h3 Bxf3 7.gxf3 b5 8.b3 Nbd7 9.f4
e6 10.c5 b4 11.Na4 Ne4 12.Bd3 f5 13.h4 Qf6 14.Bb2 Be7 15.Qe2 a5 16.h5 Kd8
17.O-O-O Qf7 18.Rdg1 Kc7 19.f3 Nef6 20.Qh2 Rhg8 21.Kb1 g6 22.hxg6 hxg6 23.Bc1
Nh5 24.Bc2 Rh8 25.Nb2 Nhf6 26.Qxh8 Rxh8 27.Rxh8 Nh5 28.Ra8 Qf6 29.Nd3 Kb7
30.Rxa5 Nf8 31.Ne5 Qh4 32.Bd3 Qf2 33.Rf1 Qg2 34.Ra4 Ng3 35.Rxb4+ Kc7 36.Ba6 Bxc5
37.Rb7+ Kd8 38.dxc5 Ke8 39.Rd1 Ne2 40.Bb2

[Event "IRT. X OPEN FERIA DE CALI Grup"]
[Site "Cali (Col) Unidad Panamericana"]
[Date "2008.12.30"]
[Round "9"]
[Board "1"]
[White "Sanchez, Victor Hugo"]
[Black "Saavedra, Victor"]
[Result "1-0"]
[WhiteElo "2170"]
[BlackElo "2212"]
[PlyCount "67"]
[EventDate "2008.12.26"]
[EventRounds "9"]
[EventCountry "COL"]

1.e4 e6 2.d4 d5 3.Nc3 Nf6 4.Bg5 Be7 5.e5 Nfd7 6.Bxe7 Qxe7 7.f4 a6 8.Nf3 c5
9.dxc5 Nc6 10.Qd2 Qxc5 11.Bd3 b5 12.a3 Bb7 13.Qf2 Qxf2+ 14.Kxf2 Nb6 15.Ne2 f6
16.Ned4 Nxd4 17.Nxd4 Kf7 18.Rhe1 Rae8 19.f5 Bc8 20.fxe6+ Bxe6 21.exf6 Kxf6 22.b3
Bd7 23.Re3 Rxe3 24.Kxe3 h6 25.Rf1+ Ke7 26.Ne2 Na8 27.Kd4 Kd6 28.Rf7 Nc7 29.Nc3
g5 30.Nxd5 a5 31.b4 axb4 32.axb4 Ra8 33.Rh7 Ra1 34.Rxh6+

[Event "IRT. X OPEN FERIA DE CALI Grup"]
[Site "Cali (Col) Unidad Panamericana"]
[Date "2008.12.30"]
[Round "9"]
[Board "1"]
[White "Torres, Juan Camilo"]
[Black "Polo, Victor Ramon"]
[Result "1/2-1/2"]
[WhiteElo "2103"]
[BlackElo "2216"]
[PlyCount "42"]
[EventDate "2008.12.26"]
[EventRounds "9"]
[EventCountry "COL"]

1.d4 d5 2.Nf3 Nf6 3.Bf4 c5 4.e3 Nc6 5.c3 Qb6 6.Qc1 Bf5 7.Nbd2 e6 8.Be2 h6 9.h3
Be7 10.O-O O-O 11.dxc5 Bxc5 12.b4 Be7 13.a3 Ne4 14.Nxe4 Bxe4 15.c4 dxc4 16.Qxc4
Bd5 17.Qc2 Rac8 18.Qd3 Bxf3 19.Bxf3 Rfd8 20.Qe2 Bd6 21.Bxd6 Rxd6

[Event "IRT. X OPEN FERIA DE CALI Grup"]
[Site "Cali (Col) Unidad Panamericana"]
[Date "2008.12.30"]
[Round "9"]
[Board "1"]
[White "Alvarez, Javier"]
[Black "Barreiro, Frank"]
[Result "0-1"]
[WhiteElo "2144"]
[BlackElo "2084"]
[PlyCount "41"]
[EventDate "2008.12.26"]
[EventRounds "9"]
[EventCountry "COL"]

1.e4 e5 2.Nf3 Nc6 3.Bb5 a6 4.Ba4 Nf6 5.O-O Be7 6.Qe2 b5 7.Bb3 O-O 8.c3 d6 9.h3
Na5 10.Bc2 c5 11.Rd1 Qc7 12.d4 Bd7 13.b3 cxd4 14.cxd4 Nc6 15.Ba3 exd4 16.e5 dxe5
17.Bxe7 Nxe7 18.Nxe5 Bf5 19.Bxf5 Nxf5 20.g4 Nh4 21.Rxd4

[Event "IRT. X OPEN FERIA DE CALI Grup"]
[Site "Cali (Col) Unidad Panamericana"]
[Date "2008.12.30"]
[Round "9"]
[Board "1"]
[White "Diaz, Cristian Camilo"]
[Black "Plazas, Alfonso"]
[Result "1-0"]
[WhiteElo "2048"]
[BlackElo "2025"]
[PlyCount "87"]
[EventDate "2008.12.26"]
[EventRounds "9"]
[EventCountry "COL"]

1.e4 e6 2.d4 c6 3.Nf3 d5 4.Nc3 Nf6 5.e5 Nfd7 6.Bg5 Qa5 7.Bd3 Bb4 8.Bd2 a6 9.a3
Bxc3 10.Bxc3 Qc7 11.Ng5 Nf8 12.Bb4 h6 13.Nf3 Nbd7 14.O-O c5 15.Bc3 c4 16.Be2 a5
17.Qd2 Ng6 18.b4 b6 19.b5 O-O 20.a4 f5 21.Bb2 Rf7 22.c3 Ndf8 23.Ba3 Bb7 24.Bd6
Qd8 25.Ne1 Nh7 26.Bh5 Nh8 27.Bxf7+ Nxf7 28.Ba3 Nhg5 29.f3 Kh8 30.h4 Nh7 31.g3 g5
32.Qh2 Qg8 33.Ra2 Bc8 34.Rg2 Ra7 35.g4 f4 36.hxg5 hxg5 37.Qh3 Kg7 38.Rh2 Nh8
39.Kg2 Ng6 40.Qh6+ Kh8 41.Qxg5 Rg7 42.Rfh1 Bd7 43.Qf6 Ngf8 44.Bxf8